00434nam a22001457a 4500010001300000020002600013035001300039037001500052082000600067100001500073245003600088260004000124270010300164300002100267 aB-682375 a9780141387772c399.00 aB-682375 aDPLbPansy aN aAsher, Jay a13 Reasons why / cby Jay Asher aGurgaonbPenguin Random Housec2017 a7th Floor, C, Infinity Tower, DLF Cyber City, DLF Phase 1, Sector 24, bGurugram, Haryana e122002 a288p.c21cm(pbk)